Statistics for Men European Beach Handball Championship Top 4 Positions

Click here to take the quiz!

General Stats

  • This quiz has been taken 26 times
  • The average score is 9 of 11

Answer Stats

Answer% Correct
Croatia
100%
Spain
100%
Denmark
96%
Germany
96%
Norway
96%
Serbia
96%
Russia
83%
Hungary
71%
Ukraine
71%
Turkey
63%
Belarus
42%

Score Distribution

Percentile by Number Answered

Percent of People with Each Score

Your Score History

You have not taken this quiz